000 00565nam a2200229Ia 4500
003 OSt
005 20221005123209.0
006 a|||||r|||| 00| 0
007 ta
008 221004b |||||||| |||| 00| 0 urd d
024 _a21877
037 _cTextual
040 _aCRL
_cCRL
_burd
041 _2urd
_aurd
082 _aO168,1N21x, P0
100 _aSultan-e-Iman
_9633322
245 0 _aKulliyat-e-akhtar
260 _c2000
650 _aURDU POETRY
942 _hO168,1N21x, P0
_cTEXL
_2cc
999 _c1046695
_d1046695